000 00311nam a22001337a 4500
008 171124b xxu||||| |||| 00| 0 eng d
020 _a9781618650580
041 _aeng
080 _22014 ED
_a37
100 _a47
101 _aEDU
245 _aACT STRATEGIES PRACTICE REWIEW
_cKAPLAN.M
942 _2udc
_cBK
999 _c38441
_d38441